Thesaurus Mediaevalis : ausgewählte Schriften zur Schatzkunst des Mittelalters
Saved in:
| Main Author: | |
|---|---|
| Other Authors: | |
| Document Type: | Book |
| Language: | German |
| Published: |
Ostfildern
: Thorbecke
, 2010
|
| Subjects: | |
| Online Access: | Inhaltsverzeichnis |
| Related Items: | Rezension:
Schriften von Philippe Cordez ; 20: [Rezension von: Fillitz, Hermann, Kirchweger, Franz, Telesko, Werner, Thesaurus Mediaevalis] Rezensiert in: Schriften zur Schatzkunst von Hermann Fillitz |
| Author Notes: | Hermann Fillitz. Hrsg. von Franz Kirchweger und Werner Telesko |
| LEADER | 07703cam a2201177 c 4500 | ||
|---|---|---|---|
| 001 | 617918120 | ||
| 003 | DE-627 | ||
| 005 | 20260616211255.0 | ||
| 007 | tu | ||
| 008 | 100203s2010 gw ||||| 00| ||ger c | ||
| 015 | |a 10,N03 |2 dnb | ||
| 016 | 7 | |a 99928309X |2 DE-101 | |
| 020 | |a 9783799508537 |q Gewebe |9 978-3-7995-0853-7 | ||
| 024 | 3 | |a 9783799508537 | |
| 035 | |a (DE-627)617918120 | ||
| 035 | |a (DE-576)333512545 | ||
| 035 | |a (DE-599)DNB99928309X | ||
| 035 | |a (OCoLC)682161038 | ||
| 035 | |a (OCoLC)682161038 | ||
| 040 | |a DE-627 |b ger |c DE-627 |e rakwb | ||
| 041 | |a ger | ||
| 044 | |c XA-DE-BW | ||
| 082 | 0 | |a 739.228 |q BSZ | |
| 082 | 0 | 4 | |a 730 |q DNB |
| 084 | |a 9,10 |2 ssgn | ||
| 084 | |a LH 69210 |q BVB |2 rvk |0 (DE-625)rvk/94743: | ||
| 084 | |a LK 10205 |q BVB |2 rvk |0 (DE-625)rvk/97484: | ||
| 084 | |a ND 9400 |q BVB |2 rvk |0 (DE-625)rvk/125181: | ||
| 084 | |a LH 78282 |2 rvk |0 (DE-625)rvk/95057:4 | ||
| 084 | |a LH 78312 |2 rvk |0 (DE-625)rvk/95058:4 | ||
| 084 | |a NM 1400 |2 rvk |0 (DE-625)rvk/126291: | ||
| 084 | |a LH 63700 |2 rvk |0 (DE-625)rvk/94423: | ||
| 084 | |a LH 65600 |2 rvk |0 (DE-625)rvk/94545: | ||
| 084 | |a NK 8200 |2 rvk |0 (DE-625)rvk/126249: | ||
| 084 | |a 21.81 |2 bkl | ||
| 084 | |a 15.41 |2 bkl | ||
| 090 | |a a | ||
| 100 | 1 | |a Fillitz, Hermann |d 1924-2022 |0 (DE-588)11921377X |0 (DE-627)080012140 |0 (DE-576)160943345 |4 aut | |
| 245 | 1 | 0 | |a Thesaurus Mediaevalis |b ausgewählte Schriften zur Schatzkunst des Mittelalters |c Hermann Fillitz. Hrsg. von Franz Kirchweger und Werner Telesko |
| 264 | 1 | |a Ostfildern |b Thorbecke |c 2010 | |
| 300 | |a 267 S. |b zahlr. Ill. |c 29 cm | ||
| 336 | |a Text |b txt |2 rdacontent | ||
| 337 | |a ohne Hilfsmittel zu benutzen |b n |2 rdamedia | ||
| 338 | |a Band |b nc |2 rdacarrier | ||
| 500 | |a Zitat aus dem Vorwort der Herausgeber: ... mit dem 85. Geburtstag ... entstand die Idee ... in einem Band zu vereinen und damit die ... verstreut publizierten Texte im thematischen Kontext neu zugänglich zu machen | ||
| 583 | 1 | |a Archivierung/Langzeitarchivierung gewährleistet |f PEBW |x XA-DE-BW |2 pdager |5 DE-24 | |
| 583 | 1 | |a Archivierung/Langzeitarchivierung gewährleistet |f SSG |x XA-DE-BW |2 pdager |5 DE-16 | |
| 583 | 1 | |a Archivierung prüfen |c 20240324 |f DE-4165 |z 1 |2 pdager | |
| 650 | 4 | |a Frühmittelalter | |
| 655 | 7 | |a Aufsatzsammlung |0 (DE-588)4143413-4 |0 (DE-627)105605727 |0 (DE-576)209726091 |2 gnd-content | |
| 655 | 7 | |a Festschrift |0 (DE-588)4016928-5 |0 (DE-627)104400986 |0 (DE-576)208917802 |2 gnd-content | |
| 689 | 0 | 0 | |d g |0 (DE-588)4011882-4 |0 (DE-627)104704861 |0 (DE-576)208896155 |a Deutschland |2 gnd |
| 689 | 0 | 1 | |d s |0 (DE-588)4049149-3 |0 (DE-627)106188062 |0 (DE-576)209080876 |a Reichskleinodien |2 gnd |
| 689 | 0 | 2 | |d s |0 (DE-588)4163932-7 |0 (DE-627)105451207 |0 (DE-576)209884843 |a Kirchenschatz |2 gnd |
| 689 | 0 | 3 | |d s |0 (DE-588)4160343-6 |0 (DE-627)105478547 |0 (DE-576)209857005 |a Höfische Kunst |2 gnd |
| 689 | 0 | 4 | |a z |2 gnd |a Geschichte 800-1250 |
| 689 | 0 | |5 DE-101 | |
| 689 | 1 | 0 | |d g |0 (DE-588)4076778-4 |0 (DE-627)106082094 |0 (DE-576)209202882 |a Römisches Reich |2 gnd |
| 689 | 1 | 1 | |d s |0 (DE-588)4177750-5 |0 (DE-627)104515651 |0 (DE-576)209979860 |a Reliquiar |2 gnd |
| 689 | 1 | 2 | |d s |0 (DE-588)4161860-9 |0 (DE-627)105466786 |0 (DE-576)209869127 |a Insignien |2 gnd |
| 689 | 1 | 3 | |d s |0 (DE-588)4203531-4 |0 (DE-627)105150258 |0 (DE-576)210155817 |a Domschatz |2 gnd |
| 689 | 1 | 4 | |d s |0 (DE-588)4129108-6 |0 (DE-627)104535474 |0 (DE-576)209607793 |a Mittelalter |2 gnd |
| 689 | 1 | 5 | |d s |0 (DE-588)4163932-7 |0 (DE-627)105451207 |0 (DE-576)209884843 |a Kirchenschatz |2 gnd |
| 689 | 1 | 6 | |d s |0 (DE-588)4078951-2 |0 (DE-627)10607590X |0 (DE-576)209210567 |a Vor- und Frühgeschichte |2 gnd |
| 689 | 1 | 7 | |d s |0 (DE-588)4002827-6 |0 (DE-627)104459425 |0 (DE-576)208848878 |a Archäologie |2 gnd |
| 689 | 1 | |5 (DE-627) | |
| 700 | 1 | |a Kirchweger, Franz |e Hrsg. |0 (DE-588)1206375477 |0 (DE-627)1692382535 |4 edt | |
| 700 | 1 | |a Telesko, Werner |d 1965- |0 (DE-588)12875267X |0 (DE-627)379129140 |0 (DE-576)169587673 |4 oth | |
| 787 | 0 | 8 | |i Rezension |a Cordez, Philippe, 1979 - |t Schriften von Philippe Cordez ; 20: [Rezension von: Fillitz, Hermann, Kirchweger, Franz, Telesko, Werner, Thesaurus Mediaevalis] |d Heidelberg : Universitätsbibliothek Heidelberg, 2018 |h 1 Online-Ressource |w (DE-627)1585102644 |w (DE-576)515102644 |
| 787 | 0 | 8 | |i Rezensiert in |a Kahl, Uwe, 1964 - |t Schriften zur Schatzkunst von Hermann Fillitz |d 2011 |w (DE-627)196332773X |
| 856 | 4 | 2 | |u http://d-nb.info/99928309X/04 |m B:DE-101 |q application/pdf |x Verlag |3 Inhaltsverzeichnis |7 1 |
| 935 | |a BWLB | ||
| 935 | |i sf | ||
| 935 | |i Blocktest | ||
| 936 | r | v | |a LH 69210 |b Elfenbein |k Kunstgeschichte |k Allgemeines. Allgemeine Kunstgeschichte |k Kunstgeschichte einzelner Gattungen der Kunst |k Skulptur (Plastik) |k Skulptur nach Materialien, Werkstoffen |k Elfenbein |0 (DE-627)1270945416 |0 (DE-625)rvk/94743: |0 (DE-576)200945416 |
| 936 | r | v | |a LK 10205 |b Allgemeines |k Kunstgeschichte |k Kunst nach Ländern bzw. Kontinenten |k Deutschland |k Deutsche Kunstgeschichte einzelner Epochen |k Deutsche Kunstgeschichte des Mittelalters |k Allgemeines |0 (DE-627)1271167034 |0 (DE-625)rvk/97484: |0 (DE-576)201167034 |
| 936 | r | v | |a ND 9400 |b Sonstiges (z.B. Beinamen der Herrscher) |k Geschichte |k Historische Hilfswissenschaften |k Varia |k Sonstiges (z.B. Beinamen der Herrscher) |0 (DE-627)127144934X |0 (DE-625)rvk/125181: |0 (DE-576)20144934X |
| 936 | r | v | |a LH 78282 |b romanisch |k Kunstgeschichte |k Allgemeines. Allgemeine Kunstgeschichte |k Kunstgeschichte einzelner Gattungen der Kunst |k Kunstgewerbe |k Ordnung nach Gattungen |k Schätze |k romanisch |0 (DE-627)1274789915 |0 (DE-625)rvk/95057:4 |0 (DE-576)204789915 |
| 936 | r | v | |a LH 78312 |b romanisch |k Kunstgeschichte |k Allgemeines. Allgemeine Kunstgeschichte |k Kunstgeschichte einzelner Gattungen der Kunst |k Kunstgewerbe |k Ordnung nach Gattungen |k Insignien |k romanisch |0 (DE-627)127479000X |0 (DE-625)rvk/95058:4 |0 (DE-576)20479000X |
| 936 | r | v | |a NM 1400 |b Kirchengeschichte, Geistes- und Kulturgeschichte |k Geschichte |k Geschichte des Mittelalters |k Quellen und Darstellungen zum Gesamtzeitraum |k Darstellungen |k Kirchengeschichte, Geistes- und Kulturgeschichte |0 (DE-627)1270944614 |0 (DE-625)rvk/126291: |0 (DE-576)200944614 |
| 936 | r | v | |a LH 63700 |b Festschriften, Gedenkschriften |k Kunstgeschichte |k Allgemeines. Allgemeine Kunstgeschichte |k Geschichte der Kunstwissenschaft |k Festschriften, Gedenkschriften |0 (DE-627)1270641166 |0 (DE-625)rvk/94423: |0 (DE-576)200641166 |
| 936 | r | v | |a LH 65600 |b Mittelalter insgesamt |k Kunstgeschichte |k Allgemeines. Allgemeine Kunstgeschichte |k Allgemeine Kunstgeschichte: Darstellungen |k Darstellungen einzelner Epochen |k Mittlere und neuere Kunstgeschichte |k Mittelalter |k Mittelalter insgesamt |0 (DE-627)1270926780 |0 (DE-625)rvk/94545: |0 (DE-576)200926780 |
| 936 | r | v | |a NK 8200 |b Historiker-Festschriften und Aufsatzsammlungen von Historikern, Allgemeines |k Geschichte |k Weltgeschichte, Darstellungen Allgemeine Geschichte einzelner Staaten und Völker Teilgebiete der Geschichte, Sammelwerke |k Allgemeine Sammelwerke und Sammelbiografien |k Historiker-Festschriften und Aufsatzsammlungen von Historikern |k Historiker-Festschriften und Aufsatzsammlungen von Historikern, Allgemeines |0 (DE-627)1270875841 |0 (DE-625)rvk/126249: |0 (DE-576)200875841 |
| 936 | b | k | |a 21.81 |j Geschichte des Kunsthandwerks und Kunstgewerbes |0 (DE-627)106422073 |
| 936 | b | k | |a 15.41 |j Deutsche Geschichte bis 1499 |x Deutsche Geschichte |0 (DE-627)18156971X |
| 951 | |a BO | ||
| 990 | |a Deutschland | ||
| 990 | |a Reichskleinodien | ||
| 990 | |a Kirchenschatz | ||
| 990 | |a Höfische Kunst | ||
| 990 | |a Geschichte 800-1250 | ||
| 990 | |a Römisches Reich | ||
| 990 | |a Reliquiar | ||
| 990 | |a Insignien | ||
| 990 | |a Domschatz | ||
| 990 | |a Mittelalter | ||
| 990 | |a Kirchenschatz | ||
| 990 | |a Vor- und Frühgeschichte | ||
| 990 | |a Archäologie | ||
| 991 | |a Rezensiertes Werk | ||
| 999 | |a KXP-PPN617918120 |e 4250163873 | ||


